000 00540nam a2200217Ia 4500
001 11786
003 GE_BSU
008 181216s||||||||xx |||||||||||||| ||und||
020 _a9780552148399
040 _cGE_BSU
080 _a821.111-31
100 _aCooper,Jilly
245 _aLiza & Co:Originally Published as love and other heartaches
260 _aLondon
260 _bCorgi Books
260 _c1981
300 _a271p.18cm.
653 _aLiza & Co
653 _aOriginally Published as love and other heartaches
942 _cBK
999 _c44965
_d44965